00000000cam 2200000zi 4500
0019.958227
003CaOODSP
00520251212103755
006m     o  d f      
007cr bn|||||||||
008251212s2025    onc     ol   f000 0 fre d
040 |aCaOODSP|bfre|erda|cCaOODSP
0410 |aeng|afre
043 |an-cn---
0861 |aYX4-2025/6-PDF
1101 |aCanada.|ejuridiction promulgatrice.
24010|aLoi de crédits n° 3 pour 2025-2026
24513|aAn Act for granting to His Majesty certain sums of money for the federal public administration for the fiscal year ending March 31, 2026 = |bLoi portant octroi à Sa Majesté de credits pour l'administration publique fédérale pendant l'exercice se terminant le 31 mars 2026.
24611|aLoi portant octroi à Sa Majesté de credits pour l'administration publique fédérale pendant l'exercice se terminant le 31 mars 2026
264 1|a[Ottawa] : |b[Chambre des communes du Canada], |c2025.
300 |a1 ressource en ligne (ii, 44 pages).
336 |atexte|btxt|2rdacontent/fre
337 |ainformatique|bc|2rdamedia/fre
338 |aressource en ligne|bcr|2rdacarrier/fre
4901 |aLois du Canada ..., chapitre ... ; |vLois du Canada (2025), chapitre 6, 1re session, 45e législature
500 |a« Première session, quarante-cinquième législature, 3-4 Charles III, 2025. »
500 |a« Lois du Canada (2025), chapitre 6. »
500 |a« Sanctionnée le 11 décembre 2025, projet de loi C-17. »
520 |a« Le texte octroie une somme de 10 848 320 356 $ pour le paiement des charges et dépenses de l'administration publique fédérale afférentes à l'exercice se terminant le 31 mars 2026 et auxquelles il n'est pas pourvu par ailleurs » -- Sommaire, page ii.
546 |aTexte en anglais et en français.
650 6|aFinances publiques|xDroit|zCanada|vLégislation.
651 6|aCanada|xCrédits budgétaires et dépenses.
655 7|aLois et codes|2rvmgf
7101 |aCanada. |bParlement. |bChambre des communes, |eorganisme de publication.
788 |tAn Act for granting to His Majesty certain sums of money for the federal public administration for the fiscal year ending March 31, 2026 = |eeng|w(CaOODSP)9.958226
830#0|aLois du Canada ..., chapitre ...|vLois du Canada (2025), chapitre 6, 1re session, 45e législature.|w(CaOODSP)9.500678
85640|qPDF|s470 Ko|uhttps://publications.gc.ca/collections/collection_2025/lois-statutes/YX4-2025-6.pdf
8564 |qHTML|sS.O.|uhttps://www.parl.ca/documentviewer/fr/45-1/projet-loi/C-17/sanction-royal?col=2